书目信息 |
| 题名: |
实用管理心理学简编
|
|
| 作者: | 王正文 , 黄素清 编 | |
| 分册: | ||
| 出版信息: | 北京 教育科学出版社 1992.12 |
|
| 页数: | 345页 | |
| 开本: | 19cm | |
| 丛书名: | ||
| 单 册: | ||
| 中图分类: | C93-05 , B84 | |
| 科图分类: | ||
| 主题词: | 管理心理学 , 心理学 | |
| 电子资源: | ||
| ISBN: | 7-5041-1009-4 | |
| 000 | 00945nam0 2200289 450 | |
| 001 | 1533904783 | |
| 005 | 20150125092536.73 | |
| 010 | @a7-5041-1009-4@dCNY4.80 | |
| 100 | @a20021005d1992 em y0chiy0110 ea | |
| 101 | 0 | @achi |
| 102 | @aCN@b110000 | |
| 105 | @ay z 000yy | |
| 200 | 1 | @a实用管理心理学简编@9shi yong guan li xin li xue jian bian@f王正文,黄素清编 |
| 210 | @a北京@c教育科学出版社@d1992.12 | |
| 215 | @a345页@d19cm | |
| 314 | @a王正文,中国地质大学北京管理干部学院任教 | |
| 314 | @a黄素清,中国地质大学北京管理干部学院任教 | |
| 330 | @a本书介绍了古今中外有关管理活动的一些典型实例和经典实验,并阐述管理心理学的科学知识和理论等。 | |
| 517 | 1 | @a管理心理学简编@9guan li xin li xue jian bian |
| 606 | 0 | @a管理心理学 |
| 606 | 0 | @a心理学 |
| 690 | @aC93-05@v5 | |
| 690 | @aB84@v4 | |
| 701 | 0 | @a王正文@9wang zheng wen@4编 |
| 701 | 0 | @a黄素清@9huang su qing@4编 |
| 801 | 0 | @aCN@bTSSF@c20150115 |
| 905 | @aZUCC@dB84@eJY83 | |
| 实用管理心理学简编/王正文,黄素清编.-北京:教育科学出版社,1992.12 |
| 345页;19cm |
| ISBN 7-5041-1009-4:CNY4.80 |
| 本书介绍了古今中外有关管理活动的一些典型实例和经典实验,并阐述管理心理学的科学知识和理论等。 |
| ● |
| 相关链接 |
|
|
|
|
正题名:实用管理心理学简编
索取号:B84/JY83
 
预约/预借
| 序号 | 登录号 | 条形码 | 馆藏地/架位号 | 状态 | 备注 |
| 1 | 7845986 | 278459865 | 学院路分馆/ [索取号:B84/JY83] | 在馆 | |
| 2 | 7845987 | 278459874 | 学院路分馆/ [索取号:B84/JY83] | 在馆 |